[Event "V Festival A"]
[Site "Vanzaghello ITA"]
[Date "2009.05.08"]
[Round "1"]
[White "Zulkipli, Zaidan"]
[Black "Testa, Loris"]
[Result "0-1"]
[WhiteElo "1975"]
[BlackElo "1792"]
[PlyCount "118"]
[EventDate "2009.05.08"]

1. d4 Nf6 2. c4 g6 3. Nc3 Bg7 4. e4 d6 5. Be2 O-O 6. Nf3 e5 7. O-O a5 8. dxe5
dxe5 9. Qxd8 Rxd8 10. Bg5 Re8 11. Rad1 Nc6 12. Nb5 Re7 13. Ne1 h6 14. Be3 Nxe4
15. Bf3 Nf6 16. Bxc6 bxc6 17. Nc3 Ba6 18. b3 Rd7 19. Rxd7 Nxd7 20. Nc2 a4 21.
Rd1 axb3 22. axb3 Nf6 23. Nb4 Bb7 24. Na4 Bf8 25. Nc5 Bxc5 26. Bxc5 Ne4 27. Be3
Ra3 28. h4 Rxb3 29. Rd8+ Kg7 30. Nd3 Rb1+ 31. Kh2 Rd1 32. Rb8 Rxd3 33. Rxb7 Rc3
34. Rb4 c5 35. Ra4 Nd6 36. Ra7 Rxc4 37. g3 Nf5 38. Bd2 Rc2 39. Be1 Re2 40. Ra1
Nd4 41. Kh3 Nf3 42. Ba5 Rxf2 43. g4 e4 44. Bxc7 Nd4 45. g5 hxg5 46. hxg5 Rf5
47. Bd8 Ne6 48. Bf6+ Rxf6 49. gxf6+ Kxf6 50. Rf1+ Kg7 51. Kg3 f5 52. Rd1 Kf6
53. Rd5 f4+ 54. Kf2 g5 55. Kg2 g4 56. Kf2 e3+ 57. Ke2 Nd4+ 58. Kf1 f3 59. Rxc5
e2+ 0-1

[Event "V Festival A"]
[Site "Vanzaghello ITA"]
[Date "2009.05.09"]
[Round "2"]
[White "Agustoni, Alessandro"]
[Black "Schingaro, Angelo"]
[Result "0-1"]
[WhiteElo "1506"]
[BlackElo "1702"]
[PlyCount "70"]
[EventDate "2009.05.08"]

1. d4 d5 2. Nf3 Nf6 3. c4 c6 4. g3 e6 5. Bg2 Nbd7 6. O-O dxc4 7. Nbd2 b5 8. a4
Bb7 9. axb5 cxb5 10. Qc2 Bd6 11. b3 cxb3 12. Nxb3 O-O 13. Qd3 Qb6 14. Re1 Be4
15. Qd1 Rfc8 16. Na5 Nd5 17. Ng5 Bxg2 18. Kxg2 Bb4 19. Qd3 N7f6 20. Bd2 Rc3 21.
Bxc3 Bxc3 22. Nb3 Bxe1 23. Rxe1 a5 24. e4 Nb4 25. Qb1 h6 26. Nf3 Rc8 27. Nc5
Nc6 28. Rc1 Nxd4 29. Nd7 Rxc1 30. Nxf6+ gxf6 31. Qxc1 Qc6 32. Qxh6 Qxe4 33.
Qxf6 Qxf3+ 34. Qxf3 Nxf3 35. Kxf3 a4 0-1

[Event "V Festival A"]
[Site "Vanzaghello ITA"]
[Date "2009.05.09"]
[Round "2"]
[White "Caccianiga, Andrea"]
[Black "Ronconi, Fausto"]
[Result "0-1"]
[WhiteElo "1511"]
[BlackElo "1788"]
[PlyCount "88"]
[EventDate "2009.05.08"]

1. e4 e6 2. Nf3 d5 3. exd5 exd5 4. d4 Nf6 5. Bg5 Be7 6. Bd3 O-O 7. Nbd2 h6 8.
Bxf6 Bxf6 9. O-O Bg4 10. c3 c6 11. Re1 Bg5 12. Qc2 Bf4 13. Bh7+ Kh8 14. Bf5
Bxf5 15. Qxf5 Bc7 16. Ne5 Bxe5 17. Rxe5 Nd7 18. Re3 Nf6 19. Rae1 Qd6 20. Nf3
Ne4 21. Ne5 Qf6 22. Qxf6 Nxf6 23. Nd3 Rae8 24. f3 Rxe3 25. Rxe3 Re8 26. Kf2
Rxe3 27. Kxe3 Nd7 28. h4 f6 29. g4 Kg8 30. Kf4 Kf7 31. g5 h5 32. Ke3 fxg5 33.
hxg5 g6 34. Ne5+ Nxe5 35. dxe5 Ke6 36. f4 c5 37. b3 b5 38. a4 a6 39. a5 h4 40.
Kf3 d4 41. cxd4 cxd4 42. Ke4 h3 43. f5+ gxf5+ 44. Kf4 h2 0-1

[Event "V Festival A"]
[Site "Vanzaghello ITA"]
[Date "2009.05.09"]
[Round "2"]
[White "Cervini, Gian Piero"]
[Black "Guzzetti, Luigi Enrico"]
[Result "1/2-1/2"]
[WhiteElo "1792"]
[BlackElo "1891"]
[PlyCount "49"]
[EventDate "2009.05.08"]

1. e4 c5 2. c3 e6 3. d4 d5 4. exd5 Qxd5 5. Nf3 Nf6 6. Be3 cxd4 7. cxd4 Nc6 8.
Nc3 Bb4 9. Bd2 Bxc3 10. Bxc3 O-O 11. Bd3 b6 12. Qe2 Bb7 13. O-O Qh5 14. Ne5
Rfd8 15. Qxh5 Nxh5 16. Be2 Nf4 17. Bf3 Rac8 18. Rfd1 f6 19. Ng4 h5 20. Ne3 g5
21. h3 Kf7 22. d5 exd5 23. Nxd5 Ne5 24. Bxe5 Bxd5 25. Bxf4 1/2-1/2

[Event "V Festival A"]
[Site "Vanzaghello ITA"]
[Date "2009.05.09"]
[Round "2"]
[White "Coqueraut, Jean Dominique"]
[Black "Cardani, Roberto"]
[Result "1-0"]
[WhiteElo "1832"]
[BlackElo "1953"]
[PlyCount "71"]
[EventDate "2009.05.08"]

1. d4 Nf6 2. c4 e6 3. Nc3 Bb4 4. Qc2 O-O 5. Nf3 c5 6. e3 cxd4 7. exd4 d5 8. a3
Be7 9. Bf4 dxc4 10. Bxc4 a6 11. Bd3 Nbd7 12. O-O Nb6 13. Rac1 Bd7 14. Ne4 Nbd5
15. Nxf6+ Nxf6 16. Ne5 Rc8 17. Qd2 Qb6 18. Nxd7 Nxd7 19. h3 Bf6 20. Be3 Rfd8
21. b4 Qd6 22. Be4 Qb8 23. Rxc8 Rxc8 24. Rc1 Nb6 25. Bf4 Qa8 26. Rc5 Nd7 27.
Bxh7+ Kxh7 28. Qc2+ g6 29. Rxc8 Qa7 30. Be3 Bxd4 31. Bxd4 Qxd4 32. Rc7 Ne5 33.
Rxb7 Qa1+ 34. Kh2 Qxa3 35. Qe4 Qb2 36. f4 1-0

[Event "V Festival A"]
[Site "Vanzaghello ITA"]
[Date "2009.05.09"]
[Round "2"]
[White "Della Rocca, Giorgio"]
[Black "Poletto, Daniele"]
[Result "1/2-1/2"]
[WhiteElo "1893"]
[BlackElo "1796"]
[PlyCount "63"]
[EventDate "2009.05.08"]

1. c4 c5 2. Nc3 Nc6 3. g3 g6 4. Bg2 Bg7 5. Nf3 e5 6. d3 Nge7 7. O-O O-O 8. Bd2
d6 9. Rb1 Rb8 10. a3 a6 11. b4 cxb4 12. axb4 b5 13. cxb5 axb5 14. Qc1 Bd7 15.
h3 f5 16. Bh6 Kh8 17. Bxg7+ Kxg7 18. Ne1 Be6 19. e4 f4 20. gxf4 Rxf4 21. Ne2
Rf7 22. Nf3 h6 23. d4 Bc4 24. Qd2 exd4 25. Nfxd4 Ne5 26. f4 N5c6 27. Nxc6 Nxc6
28. Nd4 Qb6 29. Rfd1 Rd8 30. Kh2 Qxd4 31. Qxd4+ Nxd4 32. Rxd4 1/2-1/2

[Event "V Festival A"]
[Site "Vanzaghello ITA"]
[Date "2009.05.09"]
[Round "2"]
[White "Faraoni, Enrico"]
[Black "Messina, Gianmaria"]
[Result "1-0"]
[WhiteElo "2085"]
[BlackElo "1666"]
[PlyCount "45"]
[EventDate "2009.05.08"]

1. g4 d5 2. Bg2 Bxg4 3. c4 Bc8 4. cxd5 Nf6 5. Nc3 a6 6. e4 Nbd7 7. d4 Nb6 8.
Nge2 e6 9. dxe6 Bxe6 10. Bg5 Be7 11. O-O h6 12. Bxf6 gxf6 13. Nf4 Qd6 14. Qf3
Qxd4 15. Rad1 Qe5 16. Rfe1 Bd6 17. Ncd5 O-O-O 18. Nxe6 Qxh2+ 19. Kf1 fxe6 20.
Nxb6+ cxb6 21. e5 Rd7 22. exd6 Rhh7 23. Rxe6 1-0

[Event "V Festival A"]
[Site "Vanzaghello ITA"]
[Date "2009.05.09"]
[Round "2"]
[White "Marchesotti, Giovanni"]
[Black "Ranfagni, Stefano"]
[Result "0-1"]
[WhiteElo "1648"]
[BlackElo "2052"]
[PlyCount "114"]
[EventDate "2009.05.08"]

1. c4 e5 2. Nc3 d6 3. Nf3 f5 4. d4 e4 5. Nd2 Nf6 6. e3 Be7 7. Be2 O-O 8. O-O c6
9. h3 Nbd7 10. Qc2 Qe8 11. Qd1 a6 12. a4 Qg6 13. f4 Rd8 14. b4 d5 15. c5 Nf8
16. Nb3 Ne6 17. b5 axb5 18. axb5 Rxa1 19. Nxa1 Bd7 20. b6 Ra8 21. Nb3 Qg3 22.
Qe1 Qxe1 23. Rxe1 Be8 24. Bb2 g5 25. g3 h5 26. Ra1 Rxa1+ 27. Bxa1 h4 28. gxh4
gxf4 29. exf4 Bd7 30. Na5 Nxd4 31. Nxb7 Bc8 32. Na5 Bxc5 33. Kg2 Bxb6 34. Nxd5
cxd5 35. Bxd4 Bxd4 36. Nc6 Bc5 37. Ne5 Kg7 38. Kg3 Bb7 39. h5 d4 40. Kh4 Ng8
41. Kg3 d3 42. Nxd3 exd3 43. Bxd3 Kf6 44. Bc4 Nh6 45. Be2 Bb4 46. Bd1 Be1+ 47.
Kh2 Bf2 48. Be2 Ng8 49. h4 Bxh4 50. Kh3 Be1 51. Kh2 Be4 52. Kh3 Kg7 53. Bc4 Nf6
54. Be6 Nxh5 55. Kh2 Kf6 56. Bc8 Nxf4 57. Bxf5 Kxf5 0-1

[Event "V Festival A"]
[Site "Vanzaghello ITA"]
[Date "2009.05.09"]
[Round "2"]
[White "Melino, Gianluca"]
[Black "Testa, Loris"]
[Result "0-1"]
[WhiteElo "1804"]
[BlackElo "1792"]
[PlyCount "120"]
[EventDate "2009.05.08"]

1. d4 Nf6 2. Bg5 d6 3. Bxf6 gxf6 4. e3 Bf5 5. c4 e5 6. Qf3 Bg6 7. Nc3 c6 8. Qd1
Qb6 9. Qd2 Bg7 10. d5 O-O 11. b3 Na6 12. Bd3 f5 13. Rc1 e4 14. Bb1 Qd8 15. Nge2
Qg5 16. Nf4 Be5 17. h4 Qg4 18. Qe2 Bxf4 19. Qxg4 fxg4 20. exf4 Rfe8 21. g3 f5
22. Kd2 Re7 23. dxc6 bxc6 24. Ke3 Bf7 25. Rhd1 Rd7 26. Rd2 Rad8 27. Rcd1 Nc7
28. c5 d5 29. b4 Ne6 30. Ne2 Rb7 31. Nd4 Nxd4 32. Rxd4 Rdb8 33. a3 a5 34. bxa5
Rxb1 35. Rxb1 Rxb1 36. Rb4 d4+ 37. Kxd4 Rd1+ 38. Ke3 Rd3+ 39. Ke2 Rxa3 40. Rb6
Bd5 41. a6 Bc4+ 42. Kd2 Rxa6 43. Rb4 Bb5 44. Ke3 Ra3+ 45. Kd4 Kf7 46. Ke5 Kg6
47. h5+ Kxh5 48. Kxf5 e3 49. fxe3 Rxe3 50. Rb2 Rxg3 51. Rh2+ Rh3 52. Rg2 Bd3+
53. Ke5 g3 54. f5 Kg4 55. f6 Rh5+ 56. Kd6 Rf5 57. Ke7 Bc4 58. Rd2 Rxc5 59. f7
Bxf7 60. Kxf7 h5 0-1

[Event "V Festival A"]
[Site "Vanzaghello ITA"]
[Date "2009.05.09"]
[Round "2"]
[White "Palminteri, Vincenzo"]
[Black "Christen, Peter Walter"]
[Result "1/2-1/2"]
[WhiteElo "1859"]
[BlackElo "1559"]
[PlyCount "49"]
[EventDate "2009.05.08"]

1. e4 e6 2. d4 d5 3. Nd2 c5 4. exd5 Qxd5 5. Ngf3 Nc6 6. Bc4 Qd8 7. Nb3 cxd4 8.
Nbxd4 Nxd4 9. Nxd4 e5 10. Bxf7+ Kxf7 11. Qh5+ g6 12. Qxe5 Bg7 13. Qf4+ Nf6 14.
O-O Re8 15. Nb5 Re7 16. Be3 Qa5 17. Nd6+ Kg8 18. Bd4 Ne8 19. c3 Bxd4 20. Qxd4
Nxd6 21. Qxd6 Qc7 22. Qf6 Bf5 23. a3 Rae8 24. g4 Bc8 25. b4 1/2-1/2

[Event "V Festival A"]
[Site "Vanzaghello ITA"]
[Date "2009.05.09"]
[Round "2"]
[White "Raselli, Claudio"]
[Black "Novi', Giuseppe"]
[Result "1-0"]
[WhiteElo "1970"]
[BlackElo "1825"]
[PlyCount "79"]
[EventDate "2009.05.08"]

1. d4 e6 2. c4 c5 3. d5 d6 4. Nc3 Nf6 5. e4 exd5 6. cxd5 a6 7. a4 Be7 8. Be2
O-O 9. f4 Nbd7 10. Nf3 Re8 11. O-O Bf8 12. Nd2 Rb8 13. Qc2 Qa5 14. Nc4 Qc7 15.
Bf3 b5 16. axb5 axb5 17. Ne3 c4 18. Nf5 Nc5 19. Ng3 Nd3 20. Be3 Bg4 21. Bd4
Bxf3 22. Rxf3 Nd7 23. Rff1 N7c5 24. Qe2 Nb3 25. Be3 Nxa1 26. Rxa1 Qd7 27. Nf5
b4 28. Qg4 Rb7 29. Bd4 g6 30. Qg5 bxc3 31. Qf6 Ne5 32. fxe5 cxb2 33. e6 bxa1=Q+
34. Bxa1 Rb1+ 35. Kf2 Qa7+ 36. Bd4 Qa2+ 37. Kg3 Rb3+ 38. Kh4 fxe6 39. Qh8+ Kf7
40. Qxh7+ 1-0

[Event "V Festival A"]
[Site "Vanzaghello ITA"]
[Date "2009.05.09"]
[Round "2"]
[White "Rossi, Giampiero"]
[Black "Quagliarella, Sabino Remo"]
[Result "1-0"]
[WhiteElo "1915"]
[BlackElo "1911"]
[PlyCount "107"]
[EventDate "2009.05.08"]

1. d4 g6 2. c4 Bg7 3. g3 c6 4. Bg2 d5 5. cxd5 cxd5 6. Nc3 Nf6 7. Nf3 Nc6 8. Ne5
O-O 9. Nxc6 bxc6 10. O-O Ng4 11. b3 e5 12. dxe5 Bxe5 13. Bb2 Rb8 14. Qd2 Bg7
15. h3 Nf6 16. Rfd1 Bd7 17. Rac1 Re8 18. e3 Qa5 19. Nxd5 Qxd2 20. Nxf6+ Bxf6
21. Rxd2 Bxb2 22. Rxb2 Rec8 23. Rd2 Be6 24. Rc5 Rd8 25. Rdc2 Rb6 26. Ra5 a6 27.
Rxc6 Rd1+ 28. Kh2 Rxc6 29. Bxc6 Rd2 30. Kg2 Rd6 31. Bf3 Kg7 32. h4 f5 33. Ra4
Kf6 34. Rd4 Rb6 35. Bd5 Bc8 36. f4 Rb5 37. Bc4 Ra5 38. a4 Ke7 39. Kf2 h6 40.
Ke2 Bb7 41. Kd2 Rc5 42. b4 Rc7 43. Bd5 Bc8 44. Rc4 Rxc4 45. Bxc4 Bb7 46. Kc3
Kf6 47. Kd4 g5 48. hxg5+ hxg5 49. a5 Bc8 50. b5 axb5 51. Bxb5 Bb7 52. a6 Be4
53. a7 gxf4 54. gxf4 1-0

[Event "V Festival A"]
[Site "Vanzaghello ITA"]
[Date "2009.05.09"]
[Round "2"]
[White "Rota, Simone"]
[Black "Carbone, Lorenzo"]
[Result "1-0"]
[WhiteElo "1997"]
[BlackElo "1833"]
[PlyCount "102"]
[EventDate "2009.05.08"]

1. d4 d5 2. c4 e6 3. Nf3 Nf6 4. e3 Be7 5. Nc3 O-O 6. Be2 Nbd7 7. O-O b6 8. b3
Bb7 9. Bb2 c5 10. Rc1 Rc8 11. dxc5 Bxc5 12. Nb5 Ng4 13. Bd4 a6 14. Bxc5 Nxc5
15. Nbd4 dxc4 16. Bxc4 b5 17. Be2 b4 18. Nc2 Qd7 19. Nce1 a5 20. Qd4 h5 21. Qb2
Qd6 22. h3 Nf6 23. Rd1 Qc7 24. Rc1 Rfd8 25. Ne5 Qd6 26. Nc4 Qc7 27. Nc2 Nce4
28. Nd4 Nc3 29. Bf3 Ba6 30. Nc6 Bxc4 31. bxc4 Rd6 32. Nd4 Qxc4 33. a3 Rb6 34.
axb4 axb4 35. Nb3 Qa6 36. Ra1 Qc4 37. Na5 Qb5 38. Rfc1 Rd8 39. Nb3 Qc4 40. Ra5
Rbd6 41. Rc5 Qd3 42. Nd4 Nfd5 43. Nc6 Re8 44. Nxb4 Nxb4 45. R1xc3 Qd2 46. Qxb4
Qe1+ 47. Kh2 Qxf2 48. Rc8 Rdd8 49. Rxd8 Rxd8 50. Qf4 h4 51. Rc7 Rf8 1-0

[Event "V Festival A"]
[Site "Vanzaghello ITA"]
[Date "2009.05.09"]
[Round "2"]
[White "Torretta, Gilberto"]
[Black "Zulkipli, Zaidan"]
[Result "0-1"]
[WhiteElo "1693"]
[BlackElo "1975"]
[PlyCount "39"]
[EventDate "2009.05.08"]

1. e4 e5 2. f4 d5 3. exd5 exf4 4. Nf3 Nf6 5. Nc3 Bd6 6. Bb5+ c6 7. Qe2+ Kf8 8.
dxc6 Nxc6 9. d4 Bg4 10. Bxc6 bxc6 11. O-O Qc7 12. Qd3 g6 13. Ng5 h6 14. Nf3 Kg7
15. Ne5 Bf5 16. Qc4 Nh5 17. Nxc6 Rac8 18. d5 f3 19. Qd4+ Kh7 20. Nb5 0-1

[Event "V Festival A"]
[Site "Vanzaghello ITA"]
[Date "2009.05.09"]
[Round "2"]
[White "Weiss, Nicolo'"]
[Black "Ragoso, Mario"]
[Result "0-1"]
[WhiteElo "1560"]
[BlackElo "1792"]
[PlyCount "98"]
[EventDate "2009.05.08"]

1. d4 d5 2. c4 e6 3. Nc3 c5 4. Nf3 Nf6 5. Bf4 Nh5 6. e3 Nxf4 7. exf4 cxd4 8.
Nxd4 Nc6 9. cxd5 exd5 10. Bb5 Qd6 11. Qe2+ Be7 12. O-O O-O 13. Rfd1 Bf6 14. Nf3
Bxc3 15. bxc3 Rd8 16. c4 d4 17. Bxc6 d3 18. Qe3 bxc6 19. Ne5 Ba6 20. Rxd3 Qe6
21. Rxd8+ Rxd8 22. Rc1 f6 23. Nf3 Bxc4 24. Qxa7 Bxa2 25. g3 Bd5 26. Re1 Bxf3
27. Qa5 Qxe1+ 28. Qxe1 Rd1 29. Kf1 Kf7 30. Qxd1 Bxd1 31. Ke1 Bf3 32. Kd2 Ke6
33. Ke3 Bd5 34. Kd4 Kd6 35. Kd3 c5 36. Kc3 Kc6 37. Kd3 Kb5 38. Kc3 c4 39. g4 h6
40. h4 Bf3 41. g5 hxg5 42. fxg5 fxg5 43. hxg5 g6 44. Kc2 Kb4 45. Kb2 c3+ 46.
Kc1 Be4 47. f4 Kb3 48. Kd1 Ka2 49. Kc1 c2 0-1

[Event "V Festival A"]
[Site "Vanzaghello ITA"]
[Date "2009.05.09"]
[Round "3"]
[White "Carbone, Lorenzo"]
[Black "Melino, Gianluca"]
[Result "1/2-1/2"]
[WhiteElo "1833"]
[BlackElo "1804"]
[PlyCount "66"]
[EventDate "2009.05.08"]

1. e4 c5 2. Nf3 Nc6 3. d4 cxd4 4. Nxd4 Nf6 5. Nc3 e5 6. Nb3 Bb4 7. Bd3 d5 8.
exd5 Qxd5 9. O-O Bxc3 10. bxc3 O-O 11. Bg5 Qd8 12. Qf3 h6 13. Rad1 Qe7 14. Bxf6
Qxf6 15. Qe4 g6 16. Qe3 Qf4 17. Qc5 Qg5 18. Be4 Bh3 19. Rd3 Bf5 20. Rg3 Qf6 21.
Re1 Rac8 22. Qe3 Kh7 23. Rf3 Qg5 24. Qxg5 hxg5 25. Bxf5 gxf5 26. Rxf5 Kg6 27.
Rf3 f5 28. Rd1 e4 29. Rd6+ Rf6 30. Rxf6+ Kxf6 31. Re3 b6 32. Kf1 Ne5 33. Nd4
Nc4 1/2-1/2

[Event "V Festival A"]
[Site "Vanzaghello ITA"]
[Date "2009.05.09"]
[Round "3"]
[White "Cardani, Roberto"]
[Black "Cervini, Gian Piero"]
[Result "1-0"]
[WhiteElo "1953"]
[BlackElo "1792"]
[PlyCount "120"]
[EventDate "2009.05.08"]

1. e4 g6 2. d4 Bg7 3. Nc3 d6 4. Be3 Nf6 5. Qd2 Nc6 6. Nf3 Bg4 7. Be2 d5 8. e5
Ne4 9. Nxe4 dxe4 10. Ng5 Bxe2 11. Qxe2 Qd5 12. c4 Qa5+ 13. Qd2 Qxd2+ 14. Kxd2
Rd8 15. Kc3 O-O 16. Nxe4 f6 17. f4 fxe5 18. fxe5 Rf5 19. Ng3 Rf7 20. Rhf1 Rdf8
21. Rxf7 Rxf7 22. Rf1 e6 23. Rxf7 Kxf7 24. a3 a5 25. Ne4 h6 26. b4 axb4+ 27.
axb4 Bf8 28. b5 Nb8 29. d5 exd5 30. cxd5 c6 31. Ba7 cxd5 32. Nf6 Nc6 33. bxc6
bxc6 34. Kd4 Ke6 35. Ng4 h5 36. Ne3 Bh6 37. Bb8 Bf4 38. Nf1 h4 39. h3 g5 40.
Bc7 Kd7 41. Bd6 Ke6 42. Ne3 c5+ 43. Bxc5 Bxe5+ 44. Kd3 Bf4 45. Bd4 Bg3 46. Ke2
Bf4 47. Kf3 Bg3 48. Kg4 Bf4 49. Nxd5 Kxd5 50. Bf6 Ke6 51. Bxg5 Be5 52. Bxh4 Kf7
53. Kf5 Bd4 54. g4 Kg7 55. g5 Be3 56. g6 Bd4 57. Bg5 Bc3 58. h4 Bd4 59. h5 Bc3
60. h6+ Kg8 1-0

[Event "V Festival A"]
[Site "Vanzaghello ITA"]
[Date "2009.05.09"]
[Round "3"]
[White "Christen, Peter Walter"]
[Black "Marchesotti, Giovanni"]
[Result "0-1"]
[WhiteElo "1559"]
[BlackElo "1648"]
[PlyCount "62"]
[EventDate "2009.05.08"]

1. e4 d6 2. d4 g6 3. Nf3 Bg7 4. Be3 Nf6 5. Nbd2 c6 6. Bc4 b5 7. Bb3 O-O 8. O-O
Nbd7 9. c3 Bb7 10. h3 c5 11. e5 dxe5 12. Nxe5 c4 13. Nxd7 Qxd7 14. Bc2 Nd5 15.
Be4 e6 16. Bxd5 Bxd5 17. f3 Qb7 18. Re1 h5 19. Bf4 Kh7 20. Ne4 Bxe4 21. Rxe4
Rad8 22. Qc2 Rd5 23. Rae1 Rfd8 24. R1e2 R8d7 25. Be5 Bxe5 26. Rxe5 Rxe5 27.
Rxe5 Rd5 28. Qe4 Qd7 29. f4 Qd6 30. g3 f5 31. Rxe6 fxe4 0-1

[Event "V Festival A"]
[Site "Vanzaghello ITA"]
[Date "2009.05.09"]
[Round "3"]
[White "Guzzetti, Luigi Enrico"]
[Black "Megassini, Stefano"]
[Result "1-0"]
[WhiteElo "1891"]
[BlackElo "1611"]
[PlyCount "41"]
[EventDate "2009.05.08"]

1. e4 c5 2. Nf3 e6 3. d4 cxd4 4. Nxd4 Be7 5. Nc3 d6 6. Be2 Nf6 7. Be3 a6 8. Qd2
O-O 9. O-O Bd7 10. f4 e5 11. Nb3 b5 12. Bf3 Nc6 13. f5 Rc8 14. g4 b4 15. Ne2 g6
16. g5 gxf5 17. gxf6 Bxf6 18. Bh6 Qb6+ 19. Kh1 fxe4 20. Bxe4 Bg7 21. Qg5 1-0

[Event "V Festival A"]
[Site "Vanzaghello ITA"]
[Date "2009.05.09"]
[Round "3"]
[White "Messina, Gianmaria"]
[Black "Palminteri, Vincenzo"]
[Result "1-0"]
[WhiteElo "1666"]
[BlackElo "1859"]
[PlyCount "87"]
[EventDate "2009.05.08"]

1. d4 Nf6 2. Nf3 g6 3. Nbd2 Bg7 4. e4 d6 5. Be2 O-O 6. O-O b6 7. Re1 Bb7 8. Bd3
Nbd7 9. c4 Re8 10. Rb1 a5 11. a3 e5 12. d5 Qc8 13. Nf1 c6 14. Be3 cxd5 15. cxd5
Nxd5 16. Bb5 Nxe3 17. Rxe3 Bf8 18. Rc1 Qb8 19. Bxd7 Rd8 20. Bc6 f5 21. Qd5+ Kh8
22. Bxb7 Ra7 23. Bc6 Bh6 24. exf5 gxf5 25. Rd1 Rg7 26. Rxe5 Rdg8 27. Rxf5 Rxg2+
28. Kh1 Qc7 29. Rf7 Qc8 30. Qf5 Qxf5 31. Rxf5 Rxf2 32. Ng3 Rxb2 33. Rxd6 Bf8
34. Rd8 Rb1+ 35. Kg2 Rb2+ 36. Kh3 Bxa3 37. Rxg8+ Kxg8 38. Bd5+ Kg7 39. Rf7+ Kg6
40. Nh4+ Kg5 41. Ne4+ Kh6 42. Kg4 Rb5 43. Nf5+ Kg6 44. Rg7# 1-0

[Event "V Festival A"]
[Site "Vanzaghello ITA"]
[Date "2009.05.09"]
[Round "3"]
[White "Novi', Giuseppe"]
[Black "Ronconi, Fausto"]
[Result "1-0"]
[WhiteElo "1825"]
[BlackElo "1788"]
[PlyCount "67"]
[EventDate "2009.05.08"]

1. e4 e6 2. d3 d5 3. Nd2 c5 4. b3 Bd6 5. Bb2 d4 6. Qg4 Be5 7. f4 Nh6 8. Qf3 Bf6
9. O-O-O e5 10. f5 Nc6 11. Nh3 b5 12. g4 a5 13. Qg3 Be7 14. g5 Ng8 15. Nf3 a4
16. Nxe5 Nxe5 17. Qxe5 f6 18. gxf6 Nxf6 19. Qg3 axb3 20. axb3 Nh5 21. Qg2 Ra2
22. Be2 Nf6 23. e5 Qa5 24. Kb1 Bxf5 25. exf6 Bxf6 26. Bg4 Bxg4 27. Qxg4 O-O 28.
Qe6+ Kh8 29. Rhe1 h6 30. Qc6 Ra8 31. Re8+ Rxe8 32. Qxe8+ Kh7 33. Nf4 c4 34. Re1
1-0

[Event "V Festival A"]
[Site "Vanzaghello ITA"]
[Date "2009.05.09"]
[Round "3"]
[White "Poletto, Daniele"]
[Black "Schingaro, Angelo"]
[Result "0-1"]
[WhiteElo "1796"]
[BlackElo "1702"]
[PlyCount "68"]
[EventDate "2009.05.08"]

1. c4 Nf6 2. Nc3 g6 3. g3 Bg7 4. Bg2 d6 5. e4 e5 6. Nge2 O-O 7. O-O Nbd7 8. d3
c6 9. h3 a5 10. Be3 Nc5 11. b3 Nfd7 12. Rb1 Ne6 13. a3 Nd4 14. b4 axb4 15. axb4
f5 16. f4 Qe7 17. b5 Nc5 18. bxc6 bxc6 19. Kh2 Ra3 20. Qc1 Qa7 21. Rd1 Qa5 22.
exf5 Bxf5 23. Be4 Nxe2 24. Nxe2 Nxe4 25. dxe4 Bxe4 26. Rb7 Rd3 27. Rxd3 Bxd3
28. Qb2 Qe1 29. Nc1 Qxe3 30. Rxg7+ Kxg7 31. Nxd3 Qxd3 32. fxe5 Rf3 33. e6+ Qc3
34. Qb7+ Kh6 0-1

[Event "V Festival A"]
[Site "Vanzaghello ITA"]
[Date "2009.05.09"]
[Round "3"]
[White "Quagliarella, Sabino Remo"]
[Black "Fragni, Enrico"]
[Result "0-1"]
[WhiteElo "1911"]
[BlackElo "1751"]
[PlyCount "88"]
[EventDate "2009.05.08"]

1. d4 c6 2. Nf3 d6 3. e4 Bg4 4. Bd3 e5 5. c3 Be7 6. Nbd2 Nd7 7. h3 Bh5 8. Qb3
Qc7 9. g4 Bg6 10. h4 h5 11. g5 d5 12. Ke2 exd4 13. cxd4 dxe4 14. Nxe4 O-O-O 15.
Be3 Nb6 16. Ne5 Nd5 17. Nxg6 fxg6 18. Rac1 Kb8 19. Rc4 Nb6 20. Rc2 Bd6 21. Nc3
Bf4 22. Nb5 Qe7 23. Na3 Rxd4 24. Bxg6 Bxe3 25. fxe3 Rd6 26. Bf7 Qe4 27. Rf1 Ne7
28. Nc4 Nxc4 29. Qxc4 Qg2+ 30. Rf2 Qg1 31. Rc1 Rd2+ 32. Kxd2 Qxf2+ 33. Kc3
Qxe3+ 34. Kc2 Nf5 35. Kb1 Nd6 36. Qe6 Qd3+ 37. Ka1 Nxf7 38. Qxf7 Qd4 39. a3 a6
40. Re1 Ka7 41. Rf1 Qxh4 42. Qxg7 Qc4 43. Rf3 Rd8 44. b3 Qc1+ 0-1

[Event "V Festival A"]
[Site "Vanzaghello ITA"]
[Date "2009.05.09"]
[Round "3"]
[White "Ragoso, Mario"]
[Black "Della Rocca, Giorgio"]
[Result "0-1"]
[WhiteElo "1792"]
[BlackElo "1893"]
[PlyCount "78"]
[EventDate "2009.05.08"]

1. d4 Nf6 2. c4 g6 3. Nc3 Bg7 4. e4 d6 5. Nf3 O-O 6. Be2 e5 7. O-O Nc6 8. d5
Ne7 9. Ne1 Nd7 10. Be3 f5 11. f3 f4 12. Bf2 g5 13. Nd3 a6 14. c5 Qe8 15. cxd6
cxd6 16. Rc1 Qg6 17. Na4 h5 18. b3 b5 19. Nb6 Nxb6 20. Bxb6 g4 21. Qd2 g3 22.
h3 Qf6 23. Nb4 Kh8 24. Nc6 Nxc6 25. Rxc6 Rg8 26. Qb4 Bf8 27. Rfc1 Be7 28. Qc3
Qh4 29. Rxc8 Raxc8 30. Qxc8 Rxc8 31. Rxc8+ Kg7 32. Rc6 Qf6 33. Ba5 Bd8 34. Rxa6
Bxa5 35. Rxa5 Qe7 36. b4 Qc7 37. Bxb5 Qc1+ 38. Bf1 Qe3+ 39. Kh1 Qf2 0-1

[Event "V Festival A"]
[Site "Vanzaghello ITA"]
[Date "2009.05.09"]
[Round "3"]
[White "Ranfagni, Stefano"]
[Black "Coqueraut, Jean Dominique"]
[Result "1-0"]
[WhiteElo "2052"]
[BlackElo "1832"]
[PlyCount "59"]
[EventDate "2009.05.08"]

1. e4 d6 2. d4 e5 3. Nf3 exd4 4. Nxd4 Nf6 5. Nc3 Be7 6. Bd3 O-O 7. O-O Re8 8.
Bg5 h6 9. Bh4 Nbd7 10. Nf5 Ne5 11. Nxe7+ Rxe7 12. Bxf6 gxf6 13. Qd2 Kg7 14. Nd5
Re8 15. f4 Nxd3 16. cxd3 c6 17. Ne3 Rh8 18. Rf3 Kf8 19. f5 Ke7 20. Qc3 h5 21.
d4 Bd7 22. e5 dxe5 23. dxe5 Rh6 24. Qc5+ Ke8 25. Rg3 Rh8 26. Nc4 Qe7 27. Nd6+
Kd8 28. Nxb7+ Ke8 29. Nd6+ Kd8 30. Qa5# 1-0

[Event "V Festival A"]
[Site "Vanzaghello ITA"]
[Date "2009.05.09"]
[Round "3"]
[White "Rossi, Giampiero"]
[Black "Raselli, Claudio"]
[Result "1/2-1/2"]
[WhiteElo "1915"]
[BlackElo "1970"]
[PlyCount "81"]
[EventDate "2009.05.08"]

1. d4 e6 2. c4 f5 3. g3 Nf6 4. Bg2 d5 5. e3 c6 6. Qc2 Bd6 7. Nf3 O-O 8. O-O Ne4
9. b3 Qe7 10. Bb2 Nd7 11. Nbd2 Ndf6 12. c5 Bc7 13. b4 Bd7 14. Ne5 Nxd2 15. Qxd2
Be8 16. f3 Bh5 17. Bc3 Nd7 18. Nxd7 Qxd7 19. Rab1 a6 20. Rf2 Qe7 21. a4 Bg6 22.
f4 Qd7 23. Bf1 Bd8 24. Qe1 Bf6 25. Rfb2 Rfb8 26. b5 axb5 27. axb5 Qc7 28. b6
Qd8 29. Ra1 Rxa1 30. Qxa1 Bh5 31. Kf2 Be8 32. Ra2 Bd7 33. Ra7 g5 34. Be2 g4 35.
Qh1 h5 36. h4 Bc8 37. Kg2 Bd7 38. Be1 Qc8 39. Bf2 Qd8 40. Qa1 Qc8 41. Qa2
1/2-1/2

[Event "V Festival A"]
[Site "Vanzaghello ITA"]
[Date "2009.05.09"]
[Round "3"]
[White "Testa, Loris"]
[Black "Rota, Simone"]
[Result "1/2-1/2"]
[WhiteElo "1792"]
[BlackElo "1997"]
[PlyCount "143"]
[EventDate "2009.05.08"]

1. e4 c5 2. Nf3 d6 3. d4 cxd4 4. Nxd4 Nf6 5. Nc3 a6 6. Bg5 e6 7. f4 Nbd7 8. Qf3
Qc7 9. O-O-O Be7 10. g4 h6 11. Bxf6 Nxf6 12. h4 g6 13. Bd3 e5 14. g5 exd4 15.
gxf6 dxc3 16. fxe7 cxb2+ 17. Kb1 Qxe7 18. e5 dxe5 19. Rde1 Be6 20. Rxe5 O-O-O
21. Bc4 Qd6 22. Qc3 Bxc4 23. Qxc4+ Kb8 24. Rhe1 Rd7 25. Qe4 Rhd8 26. Re7 Rxe7
27. Qxe7 Rd7 28. Qe8+ Ka7 29. Qe3+ Qb6 30. Qe8 Qd6 31. Qe3+ Qd4 32. Qe8 Rc7 33.
Rf1 Qc4 34. Qe3+ Qc5 35. Qe4 Re7 36. Qg2 Qc3 37. Qf2+ Qe3 38. Qxe3+ Rxe3 39. f5
g5 40. hxg5 hxg5 41. f6 g4 42. Rf4 Rf3 43. Rxg4 Rxf6 44. Rg7 Kb6 45. Kxb2 Kc6
46. Kc3 Kd7 47. a4 Ke7 48. Rg8 Rc6+ 49. Kd3 Rb6 50. c3 Kd7 51. Kd4 Rf6 52. c4
Kc6 53. Rc8+ Kb6 54. Rb8 Rd6+ 55. Kc3 Rd7 56. Kb4 a5+ 57. Kc3 Re7 58. Kd4 Re1
59. Rf8 Rf1 60. Kd5 Rd1+ 61. Ke4 Ra1 62. Rxf7 Rxa4 63. Kd5 Ra1 64. c5+ Ka6 65.
Rf6+ Ka7 66. Kc4 Rb1 67. Rf3 Rb4+ 68. Kd5 a4 69. c6 bxc6+ 70. Kxc6 Ka6 71. Kc5
Rb6 72. Rf8 1/2-1/2